Revista diálogo. (Record no. 1628)
[ view plain ]
| 000 -LEADER | |
|---|---|
| fixed length control field | 00975cas a2200313 4500 |
| 001 - CONTROL NUMBER | |
| control field | data |
| 005 - DATE AND TIME OF LATEST TRANSACTION | |
| control field | 20260322212109.0 |
| 008 - FIXED-LENGTH DATA ELEMENTS--GENERAL INFORMATION | |
| fixed length control field | data |
| 035 ## - SYSTEM CONTROL NUMBER | |
| System control number | 11172709 |
| 010 ## - LIBRARY OF CONGRESS CONTROL NUMBER | |
| LC control number | 73646019 |
| 035 ## - SYSTEM CONTROL NUMBER | |
| System control number | (OCoLC)1788496 |
| 040 ## - CATALOGING SOURCE | |
| Original cataloging agency | DLC |
| Language of cataloging | eng |
| Transcribing agency | DLC |
| Modifying agency | OCLCQ |
| -- | OCLCQ |
| -- | OCLCF |
| -- | OCLCQ |
| 042 ## - AUTHENTICATION CODE | |
| Authentication code | pcc |
| 050 00 - LIBRARY OF CONGRESS CALL NUMBER | |
| Classification number | BR45 |
| Item number | .R58 |
| 245 00 - TITLE STATEMENT | |
| Title | Revista diálogo. |
| 260 ## - PUBLICATION, DISTRIBUTION, ETC. | |
| Place of publication, distribution, etc. | [Rio de Janeiro], |
| Name of publisher, distributor, etc. | [Seminário Teológico da Igreja Episcopal do Brasil] |
| 300 ## - PHYSICAL DESCRIPTION | |
| Dimensions | 24 cm |
| 336 ## - CONTENT TYPE | |
| Content type term | text |
| Content type code | txt |
| Source | rdacontent |
| 337 ## - MEDIA TYPE | |
| Media type term | unmediated |
| Media type code | n |
| Source | rdamedia |
| 590 ## - LOCAL NOTE (RLIN) | |
| Local note | SERBIB/SERLOC merged record |
| 650 #0 - SUBJECT ADDED ENTRY--TOPICAL TERM | |
| Topical term or geographic name entry element | Theology. |
| 650 #7 - SUBJECT ADDED ENTRY--TOPICAL TERM | |
| Topical term or geographic name entry element | Theology. |
| Source of heading or term | fast |
| Authority record control number or standard number | (OCoLC)fst01149559 |
| 710 2# - ADDED ENTRY--CORPORATE NAME | |
| Corporate name or jurisdiction name as entry element | Seminario Teológico da Igreja Episcopal do Brasil. |
| 890 ## - | |
| -- | Revista; diálogo. (Seminário Teológico da Igreja Episcopal do Brasil) |
| -- | 73-646019 |
| 906 ## - LOCAL DATA ELEMENT F, LDF (RLIN) | |
| a | 7 |
| b | cbc |
| c | serials |
| d | 4 |
| e | ncip |
| f | 19 |
| g | n-oclcserc |
| 920 ## - | |
| -- | Keep 1 |
| 991 ## - | |
| -- | c-GenColl |
| -- | BR45 |
| -- | .R58 |
| -- | SERIALS |
| 992 ## - | |
| -- | SER |
| -- | SERLOC |
| Withdrawn status | Lost status | Damaged status | Not for loan | Home library | Current library | Shelving location | Date acquired | Total checkouts | Full call number | Barcode | Date last seen | Price effective from | Koha item type |
|---|---|---|---|---|---|---|---|---|---|---|---|---|---|
| Institut Protestant de Théologie | Institut Protestant de Théologie | General stacks | 22/03/2026 | BR45 | LOC-IPT-00019 | 22/03/2026 | 22/03/2026 | Books |